Statistics for 10 Largest islands of USA

Click here to take the quiz!

General Stats

  • This quiz has been taken 82 times
    (76 since last reset)
  • The average score is 3 of 10

Answer Stats

sqmilesAnswer% Correct
4021Hawaii
86%
1401Long
77%
3588Kodiak
47%
2577Prince of Wales
11%
1983St Lawrence
11%
1590Unimak
7%
1684Admiralty
5%
2080Chichagof
5%
1569Baranof
4%
1625Nunivak
4%

Score Distribution

Percentile by Number Answered

Percent of People with Each Score

Your Score History

You have not taken this quiz since the last reset